<?xml version="1.0" encoding="UTF-8"?>
<collection xmlns:xsi="http://www.w3.org/2001/XMLSchema-instance" xsi:schemaLocation="http://www.loc.gov/MARC21/slim http://www.loc.gov/standards/marcxml/schema/MARC21slim.xsd" xmlns="http://www.loc.gov/MARC21/slim">
 <record>
  <leader>00000cam a22000003i 4500</leader>
  <controlfield tag="001">UP-1685594773862036120</controlfield>
  <controlfield tag="003">Buklod</controlfield>
  <controlfield tag="005">20160831105646.0</controlfield>
  <controlfield tag="006">g||| |     ||   ||</controlfield>
  <controlfield tag="007">ta</controlfield>
  <controlfield tag="008">160831s2004    xx a    rab  |001 0|eng d</controlfield>
  <datafield tag="020" ind1=" " ind2=" ">
   <subfield code="a">0340814721</subfield>
  </datafield>
  <datafield tag="020" ind1=" " ind2=" ">
   <subfield code="a">9780340814727</subfield>
  </datafield>
  <datafield tag="035" ind1=" " ind2=" ">
   <subfield code="a">(iLib)UPBAG-00021736691</subfield>
  </datafield>
  <datafield tag="040" ind1=" " ind2=" ">
   <subfield code="a">DLC</subfield>
   <subfield code="d">BAG</subfield>
   <subfield code="e">rda</subfield>
  </datafield>
  <datafield tag="041" ind1="0" ind2=" ">
   <subfield code="a">eng</subfield>
  </datafield>
  <datafield tag="090" ind1=" " ind2="0">
   <subfield code="a">P 94.6</subfield>
   <subfield code="b">W43 2004</subfield>
  </datafield>
  <datafield tag="245" ind1="0" ind2="0">
   <subfield code="a">Web.studies</subfield>
   <subfield code="c">edited by David Gauntlett [and one other].</subfield>
  </datafield>
  <datafield tag="250" ind1=" " ind2=" ">
   <subfield code="a">2nd edition.</subfield>
  </datafield>
  <datafield tag="264" ind1=" " ind2="1">
   <subfield code="a">London</subfield>
   <subfield code="b">Arnold, a member of the Hodder Headline Group</subfield>
   <subfield code="c">2004.</subfield>
  </datafield>
  <datafield tag="300" ind1=" " ind2=" ">
   <subfield code="a">xiii, 327 pages</subfield>
   <subfield code="b">illustrations</subfield>
   <subfield code="c">24 cm</subfield>
  </datafield>
  <datafield tag="504" ind1=" " ind2=" ">
   <subfield code="a">Includes bibliographical references (pages [297]-316) and index.</subfield>
  </datafield>
  <datafield tag="505" ind1="0" ind2=" ">
   <subfield code="a">Part 1. Web studies -- Web studies : what's new / David Gauntlett -- Internet studies in the twenty-first century / Laura J. Gurak -- Developing methodological frameworks for studying the World Wide Web / Nina Wakeford -- Part 2. Web life, identities, arts, and culture -- Identity construction and self-presentation on personal homepages : emancipatory potentials and reality constraints / Charles Cheung -- Masculinities on the Web / Ross Horsley -- Everybody's gotta love somebody, sometime : online fan community / Kirsten Pullen -- Web grrrls, guerilla tactics : young feminisms on the Web / Jayne Armstrong -- Movie-making in the new media age / Graham Roberts -- &quot;Doing it&quot; on the Web : emerging discourses on Internet sex / Jodi O'Brien, Eve Shapiro -- Art in cyberspace : the digital aesthetic / Mark Adrejevic -- Pornography online, lesbian style / Meredith Balderston -- Help yourself : the World Wide Web as a self-help agora / Shani Orgad -- Fascination and hospitality : issues and implications of Internet interactions / Christopher R. Smit -- Part 3. Web business, economics, and capitalism -- Stitching the Web into global capitalism : two stories / Vincent Miller -- The digital divide / Nick Couldry -- Copyright in cyberspace : protecting intellectual property online / Kathleen K. Olson -- The music industry versus the Internet : MP3 and other cyber music wars / Ian Dobie -- Part 4. Global Web communities, politics, and protest -- The Internet and democracy / Stephen Lax -- The World Wide Web goes to war : from Kosovo to the &quot;war&quot; against terrorism / Philip M. Taylor -- World wide women and the Web / Wendy Harcourt -- Continuity within change : the Cherokee Indians and the Internet / Ellen L. Arnold, Darcy C. Plymire -- Virus writers : subculture and the electronic meaning of style / Douglas Thomas -- Digital media futures / Richard Berger.</subfield>
  </datafield>
  <datafield tag="520" ind1=" " ind2=" ">
   <subfield code="a">The second edition of this book combines updated chapters from the first edition with completely new chapters on the latest developments and controversies in cyberspace. Readers will find suggestions for ways in which the Web can be used to further their own research, as well as lists of useful websites.</subfield>
  </datafield>
  <datafield tag="650" ind1=" " ind2="0">
   <subfield code="a">Mass media and culture.</subfield>
  </datafield>
  <datafield tag="650" ind1=" " ind2="0">
   <subfield code="a">World Wide Web.</subfield>
  </datafield>
  <datafield tag="700" ind1="1" ind2=" ">
   <subfield code="a">Gauntlett, David</subfield>
   <subfield code="e">editor.</subfield>
  </datafield>
  <datafield tag="905" ind1=" " ind2=" ">
   <subfield code="a">FO</subfield>
  </datafield>
  <datafield tag="852" ind1="0" ind2=" ">
   <subfield code="a">UPBAG</subfield>
   <subfield code="b">UPBAG-MAIN</subfield>
   <subfield code="h">P 94.6 W43 2004</subfield>
  </datafield>
  <datafield tag="942" ind1=" " ind2=" ">
   <subfield code="a">Book</subfield>
  </datafield>
 </record>
</collection>
